00473nam a22001577a 450000500170000001000210001702000260003803700180006410000180008224500460010026000390014627000450018530000260023050000530025670000060030920171016121409.0 a1718EN-30  a9781137612021c545.00 bAtlanticadpl aRamone, Jenni aPostcolonial theories / cby Jenni Ramone aNew YorkbPalgrave Macmillanc2017 a175, Fifth Avaenue, bNew YorkeNY-10010v axvii,228p.c21cm(pbk) a Includes bibliographical references and index  a